000 00693nam a2200217 a 4500
001 000040784
005 20201002034357.0
008 130906s2007 sp a 000 0 spa d
020 _a9788420670201
040 _aDO-SdBNP
_bspa
_cBNPHU
082 _axxx
_bxxx
100 1 _aHonour, Hugh
_967201
245 1 3 _aEl romanticismo. /
_cHugh Honour; traductor, Remigio Gómez Díaz.
260 _aMadrid, :
_bAlianza editorial,
_c2007.
490 1 _aAlianza forma
500 _ala biblioteca posee la novena reimpresión del 2007
504 _aBibliografía p: 385-390
500 _aIncluye índice analítico
700 1 _aGómez Díaz, Remigio
_etrad.
_967202
830 0 _aAlianza forma
_967203
999 _c40274
_d40274